Library Banner

Tazkarah Khawajagan i Tonsawi hazrat pir pathan Khawaja Shah Suleman Tonsawi Rehmatullah aleh aur un ke sajjadgan = تذکرہ خواجگان تونسوی حجرت پیر پٹھان خواجہ شاہ محمد سلیمان تونسو رحمۃاللہ علیہ اور ان کے سجادگان/ (Record no. 127203)

MARC details
000 -LEADER
fixed length control field 00781nam a22001457a 4500
005 - DATE AND TIME OF LATEST TRANSACTION
control field 20220716104343.0
008 - FIXED-LENGTH DATA ELEMENTS--GENERAL INFORMATION
fixed length control field 220716b ||||| |||| 00| 0 eng d
040 ## - CATALOGING SOURCE
Transcribing agency PK-LaUMT
082 ## - DEWEY DECIMAL CLASSIFICATION NUMBER
Classification number APC 297.4092
Item number KHA-T
100 ## - MAIN ENTRY--PERSONAL NAME
Personal name Iftikhar Ahmad Chishti Sulemani = افتخار احمد چشتی سلیمانی
245 ## - TITLE STATEMENT
Title Tazkarah Khawajagan i Tonsawi hazrat pir pathan Khawaja Shah Suleman Tonsawi Rehmatullah aleh aur un ke sajjadgan = تذکرہ خواجگان تونسوی حجرت پیر پٹھان خواجہ شاہ محمد سلیمان تونسو رحمۃاللہ علیہ اور ان کے سجادگان/
Statement of responsibility, etc by Iftikhar Ahmad Chishti Sulemani = افتخار احمد چشتی سلیمانی
260 ## - PUBLICATION, DISTRIBUTION, ETC. (IMPRINT)
Place of publication, distribution, etc Lahore :
Name of publisher, distributor, etc Chishtia Academy,
Date of publication, distribution, etc 1985
300 ## - PHYSICAL DESCRIPTION
Extent 288 p.
942 ## - ADDED ENTRY ELEMENTS (KOHA)
Koha item type Books
Holdings
Withdrawn status Lost status Damaged status Home library Current library Date acquired Full call number Barcode Date last seen Price effective from Koha item type
      UMT Main Campus UMT Main Campus 2022-07-16 APC 297.4092 KHA-T 143302 2022-07-16 2022-07-16 Books